| 000 | 01295nam a2200205Ia 4500 | ||
|---|---|---|---|
| 001 | 10791 | ||
| 003 | GE_BSU | ||
| 008 | 181216s||||||||xx |||||||||||||| ||und|| | ||
| 040 | _cGE_BSU | ||
| 080 | _a82-93:821.353.1-91-1+398.2(479.22) | ||
| 245 | _aხალხური სიტყვიერება:ლექსები,თამაშობანი,გამოცანები,ენის გასატეხი,ზღაპრები. | ||
| 245 | _cკრებული შეადგინეს,წინასიტყვ. და შენიშვნ.დაურთეს:ქს.სიხარულიძემ და ზ.ზანდუკელმა;სარედ.კოლეგია:ნოდარ ალანია და სხვ;რედ.მ.ზუბადალაშვილი;მხატვ.ი.დივნოგორცევა-გრიგოლია. | ||
| 260 | _aთბილისი. | ||
| 260 | _bნაკადული. | ||
| 260 | _c1972. | ||
| 300 | _a184გვ;20სმ. | ||
| 541 | _h6ლ. | ||
| 653 | _aხალხური სიტყვიერება:ლექსები,თამაშობანი,გამოცანები,ენის გასატეხი,ზღაპრები. | ||
| 942 | _cBK | ||
| 999 |
_c44039 _d44039 |
||